[Event "Kuna_Arandu"]
[Site "Luque"]
[Date "2012.06.05"]
[Round "1"]
[White "Zambrana, Oswaldo"]
[Black "Villalba, Marcelo"]
[Result "1-0"]
[WhiteElo "2467"]
[BlackElo "2233"]
[PlyCount "125"]
[EventDate "2012.??.??"]

1. e4 c5 2. Nf3 g6 3. d4 cxd4 4. Nxd4 Bg7 5. Nc3 Nc6 6. Be3 Nf6 7. Bc4 O-O 8.
Bb3 d6 9. f3 Na5 10. Qd2 Bd7 11. O-O-O Nxb3+ 12. cxb3 Qa5 13. Kb1 Rfc8 14. h4
b5 15. h5 b4 16. Na4 e5 17. Ne2 d5 18. hxg6 fxg6 19. Bg5 Bxa4 20. bxa4 d4 21.
Rc1 Qxa4 22. Rxc8+ Rxc8 23. Rc1 Rxc1+ 24. Nxc1 Nd7 25. Qd3 Nb6 26. b3 Qa5 27.
Bd2 Bf8 28. Qc2 Qb5 29. Qd3 Qa5 30. a4 Kf7 31. Qc2 Qc5 32. Nd3 Qxc2+ 33. Kxc2
Ke6 34. Nxb4 Bxb4 35. Bxb4 g5 36. Bd2 h6 37. g4 Nc8 38. b4 Nb6 39. Kb3 a6 40.
b5 axb5 41. axb5 Kd7 42. Bb4 Nc8 43. Kc4 Nd6+ 44. Kc5 Kc7 45. b6+ Kd7 46. Kd5
d3 47. Ba5 Nb7 48. Bd2 Nd6 49. Be3 Nb5 50. Kxe5 Kc6 51. b7 Kxb7 52. Kd5 Nc7+
53. Kc4 Kc6 54. Kxd3 Ne6 55. Kc4 Kd6 56. Bf2 Ng7 57. Bc5+ Ke6 58. Bf8 Ne8 59.
Bxh6 Kf6 60. Bf8 Ke5 61. Kd3 Nc7 62. Ke3 Ne6 63. Be7 1-0

[Event "Kuna_Arandu"]
[Site "Luque"]
[Date "2012.06.06"]
[Round "2"]
[White "Villalba, Marcelo"]
[Black "Soppe, Guillermo"]
[Result "1/2-1/2"]
[WhiteElo "2233"]
[BlackElo "2423"]
[PlyCount "29"]
[EventDate "2012.??.??"]

1. e4 c6 2. d4 d5 3. e5 Bf5 4. Nf3 e6 5. Be2 Be7 6. O-O h5 7. Nbd2 Nh6 8. c3
Nd7 9. Ne1 h4 10. h3 a6 11. Nd3 c5 12. Nxc5 Nxc5 13. dxc5 Bxc5 14. Nb3 Ba7 15.
Nd4 1/2-1/2

[Event "Kuna_Arandu"]
[Site "Luque"]
[Date "2012.06.06"]
[Round "2"]
[White "Latorre, Matias"]
[Black "Zambrana, Oswaldo"]
[Result "1/2-1/2"]
[WhiteElo "2235"]
[BlackElo "2467"]
[PlyCount "64"]
[EventDate "2012.??.??"]

1. c4 Nf6 2. g3 e5 3. Bg2 d5 4. cxd5 Nxd5 5. Nf3 Nc6 6. O-O Be7 7. d4 exd4 8.
Nxd4 Nxd4 9. Qxd4 Nf6 10. Qxd8+ Bxd8 11. Nc3 O-O 12. Bf4 c6 13. b4 Be7 14. b5
Be6 15. bxc6 bxc6 16. Rab1 a5 17. Rb6 Rac8 18. Ra6 Bb4 19. Rc1 c5 20. Bd6 Bc4
21. Ra7 Rfe8 22. Be7 Be6 23. Nb5 Bxa2 24. Nd6 Rxe7 25. Rxe7 Rb8 26. Ra7 Nd5 27.
Nb7 Nc3 28. Bf3 a4 29. Rxc3 Bxc3 30. Nxc5 Bb3 31. Nxa4 Bd4 32. Ra5 g6 1/2-1/2

[Event "Kuna_Arandu"]
[Site "LuQUE"]
[Date "2012.06.07"]
[Round "3"]
[White "Sanchez, Sarai"]
[Black "Villalba, Marcelo"]
[Result "1/2-1/2"]
[WhiteElo "2234"]
[BlackElo "2233"]
[PlyCount "103"]
[EventDate "2012.??.??"]

1. e4 e5 2. Nf3 Nc6 3. Bc4 Nf6 4. d3 Be7 5. Nbd2 O-O 6. c3 d5 7. Bb3 dxe4 8.
dxe4 Bc5 9. O-O Bg4 10. Qe2 Nh5 11. Qb5 Bb6 12. Nxe5 Nxe5 13. Qxe5 Re8 14. Qd5
Qh4 15. Qxf7+ Kh8 16. Nf3 Bxf3 17. Qxf3 Rf8 18. Qe2 Rae8 19. Bc2 Nf6 20. Be3
Ng4 21. h3 Nxe3 22. fxe3 Qg3 23. Rf3 Rxf3 24. Qxf3 Bxe3+ 25. Kf1 Qg5 26. Ke2
Bc5 27. Rf1 h6 28. g4 Rf8 29. Qxf8+ Bxf8 30. Rxf8+ Kh7 31. e5+ g6 32. Re8 Qc1
33. Bb3 Qxb2+ 34. Kd3 Qa3 35. Kd4 Kg7 36. Kd5 Kf7 37. Rh8 Qa5+ 38. Kd4+ Ke7 39.
Rxh6 Qb6+ 40. Ke4 Qc6+ 41. Kf4 Qxc3 42. Rh7+ Ke8 43. Bf7+ Kf8 44. Bxg6 Qd2+ 45.
Kf5 Qf2+ 46. Kg5 Qe3+ 47. Kf6 Qb6+ 48. e6 Qd4+ 49. Kg5 Qe3+ 50. Kf6 Qd4+ 51.
Kg5 Qe3+ 52. Kf6 1/2-1/2

[Event "Kuna_Arandu"]
[Site "Luque"]
[Date "2012.06.07"]
[Round "3"]
[White "Soppe, Guillermo"]
[Black "Latorre, Matias"]
[Result "0-1"]
[WhiteElo "2423"]
[BlackElo "2235"]
[PlyCount "82"]
[EventDate "2012.??.??"]

1. Nf3 Nf6 2. c4 g6 3. b4 Bg7 4. Bb2 O-O 5. e3 c6 6. Na3 d5 7. Be2 Qd6 8. Qb3
Nbd7 9. cxd5 Nxd5 10. Bxg7 Kxg7 11. Rb1 e5 12. Nc4 Qe7 13. Qb2 f6 14. O-O N7b6
15. Na5 Bf5 16. d3 Na4 17. Qd2 Ndc3 18. Rbc1 Qxb4 19. Nb3 Rad8 20. d4 c5 21.
Bd1 e4 22. Ne1 Nxd1 23. Qxb4 cxb4 24. Rxd1 Rc8 25. f3 Rc3 26. Kf2 Nb2 27. Rd2
Nc4 28. Re2 Re8 29. f4 h5 30. h3 b6 31. Nc2 a5 32. d5 Rd8 33. Rg1 Rxd5 34. g4
hxg4 35. hxg4 Be6 36. f5 Bg8 37. fxg6 Kxg6 38. Nbd4 Rg5 39. Nf5 Ne5 40. Ne7+
Kf7 41. Nxg8 Kxg8 0-1

[Event "Kuna_Arandu"]
[Site "Luque"]
[Date "2012.06.07"]
[Round "3"]
[White "Zambrana, O."]
[Black "Vera, R."]
[Result "1/2-1/2"]
[WhiteElo "2467"]
[BlackElo "2489"]
[PlyCount "61"]
[EventDate "2012.??.??"]

1. e4 c5 2. Nf3 d6 3. d4 cxd4 4. Nxd4 Nf6 5. Nc3 a6 6. Bc4 e6 7. Bb3 b5 8. O-O
Be7 9. Be3 O-O 10. f4 b4 11. Na4 Bb7 12. e5 Nd5 13. Bxd5 Bxd5 14. Nf5 Nd7 15.
c4 Bxc4 16. Nxe7+ Qxe7 17. exd6 Qd8 18. Rf2 Bb5 19. Rc1 Nf6 20. Bb6 Bxa4 21.
Bxd8 Bxd1 22. Bxf6 gxf6 23. Rxd1 f5 24. Rc2 Rfc8 25. Rdc1 Rxc2 26. Rxc2 Kf8 27.
Kf2 Ke8 28. Rc7 Rd8 29. Re7+ Kf8 30. Rb7 Rxd6 31. Rxb4 1/2-1/2

[Event "Kuna_Arandu"]
[Site "Luque"]
[Date "2012.06.07"]
[Round "4"]
[White "Bachmann, Axel"]
[Black "Zambrana, Oswaldo"]
[Result "0-1"]
[WhiteElo "2566"]
[BlackElo "2467"]
[PlyCount "66"]
[EventDate "2012.??.??"]

1. Nf3 e6 2. g3 Nf6 3. Bg2 d5 4. O-O Be7 5. d3 O-O 6. Nbd2 c5 7. e4 Nc6 8. Re1
Qc7 9. Qe2 Re8 10. e5 Nd7 11. Nf1 b5 12. Bf4 a5 13. Ne3 Qb6 14. c3 Ba6 15. h4
Rad8 16. h5 d4 17. Ng4 c4 18. dxc4 bxc4 19. cxd4 c3 20. Qe4 cxb2 21. Rab1 Rb8
22. Ng5 Bxg5 23. Bxg5 Qxd4 24. Qxc6 Qxg4 25. Qxd7 Qxg5 26. Rxb2 Rbd8 27. Qc6
Bd3 28. Bf3 g6 29. hxg6 hxg6 30. Qa4 Kg7 31. Qxa5 Qh6 32. Rb7 g5 33. Rd1 Be4
0-1

[Event "Kuna_Arandu"]
[Site "Luque"]
[Date "2012.06.08"]
[Round "4"]
[White "Lujan, Carolina"]
[Black "Villalba, Marcelo"]
[Result "1/2-1/2"]
[WhiteElo "2367"]
[BlackElo "2233"]
[PlyCount "124"]
[EventDate "2012.??.??"]

1. e4 c5 2. Nf3 d6 3. c3 Nf6 4. Bd3 Nc6 5. Bc2 Bg4 6. h3 Bxf3 7. Qxf3 g6 8. O-O
Bg7 9. d3 O-O 10. Be3 Nd7 11. Nd2 b5 12. a3 a5 13. Rac1 a4 14. Qd1 e6 15. f4
Qa5 16. Bb1 d5 17. Nf3 Qc7 18. Qe1 c4 19. f5 exf5 20. exf5 Rae8 21. Qd2 Nce5
22. Nxe5 Bxe5 23. Bf4 Bxf4 24. Rxf4 Qe5 25. Rcf1 Qe3+ 26. Qxe3 Rxe3 27. dxc4
bxc4 28. fxg6 hxg6 29. Bc2 Re2 30. R4f2 Rxf2 31. Rxf2 Nc5 32. Rd2 Rb8 33. Rxd5
Rxb2 34. Rxc5 Rxc2 35. Rxc4 Kg7 36. Kh2 Kf6 37. Kg3 Ke5 38. Kf3 Kd5 39. Rxa4
Rxc3+ 40. Kf4 Rc2 41. g3 Rc3 42. Ra5+ Kd6 43. h4 f6 44. Ra6+ Ke7 45. a4 Kf7 46.
Ra7+ Ke6 47. Ra6+ Kf7 48. a5 Ra3 49. Ra8 Ra4+ 50. Kf3 Ra3+ 51. Kg2 Ra2+ 52. Kh3
f5 53. Ra7+ Kf6 54. Ra6+ Kg7 55. Ra8 Ra3 56. Ra7+ Kf6 57. Ra6+ Kg7 58. Kg2 Kh6
59. Ra8 Kh5 60. Kh3 Kh6 61. Kg2 Kh5 62. Kh3 Kh6 1/2-1/2

[Event "Kuna_Arandu"]
[Site "Luque"]
[Date "2012.06.08"]
[Round "4"]
[White "Vera Reynaldo"]
[Black "Soppe Guillermo"]
[Result "1/2-1/2"]
[WhiteElo "2489"]
[BlackElo "2423"]
[PlyCount "47"]
[EventDate "2012.??.??"]

1. d4 Nf6 2. c4 e6 3. Nc3 Bb4 4. Qc2 O-O 5. a3 Bxc3+ 6. Qxc3 b6 7. e3 Bb7 8.
Nf3 d6 9. Be2 Nbd7 10. O-O Ne4 11. Qc2 f5 12. b4 Qe8 13. Bb2 Qg6 14. d5 Ng5 15.
Rad1 Nxf3+ 16. Bxf3 Nf6 17. Rfe1 Rae8 18. Bxf6 Qxf6 19. e4 fxe4 20. Bxe4 g6 21.
f3 exd5 22. cxd5 Re7 23. Qd2 Bc8 24. Re3 1/2-1/2

[Event "Kuna_Arandu"]
[Site "Luque"]
[Date "2012.06.08"]
[Round "4"]
[White "Latorre, Matias"]
[Black "Sanchez, Sarai"]
[Result "1-0"]
[WhiteElo "2235"]
[BlackElo "2234"]
[PlyCount "127"]
[EventDate "2012.??.??"]

1. d4 d5 2. c4 c6 3. Nf3 e6 4. e3 Nf6 5. b3 Nbd7 6. Bb2 Bd6 7. Bd3 Ne4 8. O-O
O-O 9. Qc2 f5 10. Ba3 Bxa3 11. Nxa3 Qf6 12. b4 g5 13. cxd5 cxd5 14. Qc7 Rf7 15.
Ne5 Rg7 16. f3 Nf8 17. Qc2 Nd6 18. Qc5 Nf7 19. Nxf7 Qxf7 20. Rac1 a6 21. Qd6
Qd7 22. Qc5 Qd8 23. Nb1 Bd7 24. e4 Rc8 25. Qd6 dxe4 26. fxe4 f4 27. Rxc8 Qxc8
28. Qc5 Qb8 29. Nd2 b6 30. Qc3 Bb5 31. Bxb5 axb5 32. Rc1 g4 33. e5 Qa8 34. Qc8
Qd5 35. Nb3 g3 36. h3 f3 37. Qc6 f2+ 38. Kf1 Qd8 39. Rc3 Qh4 40. Rf3 Rf7 41.
Rxf7 Kxf7 42. Qf3+ Ke7 43. Qb7+ Nd7 44. Qf3 h5 45. Qe3 Nf8 46. Nd2 Kd8 47. a3
Ng6 48. Ne4 Qf4 49. Qxf4 Nxf4 50. Nxg3 h4 51. Ne4 Nd3 52. Nxf2 Nb2 53. Ke2 Nc4
54. Kd3 Nxa3 55. Ne4 Kd7 56. Ng5 Nc4 57. Nf3 Kc6 58. Nxh4 Kd5 59. Nf3 Nb2+ 60.
Ke3 Kc4 61. h4 Kxb4 62. h5 Kc3 63. h6 Nc4+ 64. Ke2 1-0

[Event "Kuna_Arandu"]
[Site "Luque"]
[Date "2012.06.10"]
[Round "5"]
[White "Villalba, Marcelo"]
[Black "Latorre, Matias"]
[Result "1/2-1/2"]
[WhiteElo "2233"]
[BlackElo "2235"]
[PlyCount "67"]
[EventDate "2012.??.??"]

1. e4 e6 2. d4 d5 3. exd5 exd5 4. Bd3 Bd6 5. Nc3 c6 6. Nge2 Qf6 7. Be3 Ne7 8.
Qd2 Bf5 9. O-O-O Bxd3 10. Qxd3 Nd7 11. Qd2 Nb6 12. b3 O-O 13. Bf4 Ba3+ 14. Kb1
Ng6 15. h4 Nxf4 16. Qxf4 Qxf4 17. Nxf4 a5 18. Nd3 Nd7 19. Rhe1 Rfe8 20. Rxe8+
Rxe8 21. Re1 Rxe1+ 22. Nxe1 f6 23. Nd3 Kf7 24. Ne2 Bd6 25. Kc1 g5 26. hxg5 fxg5
27. g4 Nf6 28. f3 h5 29. gxh5 Nxh5 30. Kd2 Kf6 31. Ke3 Kf5 32. a4 b6 33. c4
dxc4 34. bxc4 1/2-1/2

[Event "Kuna_Arandu"]
[Site "Luque"]
[Date "2012.06.10"]
[Round "5"]
[White "Sanchez, Sarai"]
[Black "Vera, Reynaldo"]
[Result "1/2-1/2"]
[WhiteElo "2234"]
[BlackElo "2489"]
[PlyCount "43"]
[EventDate "2012.??.??"]

1. e4 c5 2. Nf3 e6 3. d4 cxd4 4. Nxd4 Nf6 5. Bd3 Nc6 6. Nxc6 dxc6 7. O-O e5 8.
h3 Be6 9. Be3 Nd7 10. Nd2 Bc5 11. Nc4 Qe7 12. a4 O-O 13. Qf3 Rfd8 14. Qg3 f6
15. Rae1 Bxe3 16. Rxe3 Nc5 17. f4 Nxd3 18. cxd3 Rxd3 19. fxe5 Bxc4 20. Rxd3
fxe5 21. Rf5 Bxd3 22. Qxd3 1/2-1/2

[Event "Kuna_Arandu"]
[Site "Luque"]
[Date "2012.06.11"]
[Round "6"]
[White "Vera, Reynaldo"]
[Black "Villalba, Marcelo"]
[Result "1-0"]
[WhiteElo "2489"]
[BlackElo "2233"]
[PlyCount "49"]
[EventDate "2012.??.??"]

1. Nf3 Nf6 2. c4 e6 3. Nc3 d5 4. d4 Nbd7 5. Qc2 c6 6. e4 dxe4 7. Nxe4 e5 8.
Nxf6+ Qxf6 9. Bd3 h6 10. Qe2 Bd6 11. O-O Kd8 12. c5 Bc7 13. Re1 Re8 14. Bd2 b6
15. Bc3 bxc5 16. dxe5 Qe7 17. Rad1 Bb6 18. e6 fxe6 19. Bg6 Rg8 20. Ne5 Kc7 21.
Nxc6 Kxc6 22. Be4+ Kc7 23. Bxa8 Rf8 24. Be5+ Kd8 25. Bd6 1-0

[Event "Kuna_Arandu"]
[Site "Luque"]
[Date "2012.06.11"]
[Round "6"]
[White "Lujan, Carolina"]
[Black "Latorre, Matias"]
[Result "1/2-1/2"]
[WhiteElo "2367"]
[BlackElo "2235"]
[PlyCount "109"]
[EventDate "2012.??.??"]

1. Nf3 Nf6 2. g3 g6 3. Bg2 Bg7 4. O-O O-O 5. d3 d5 6. Nbd2 c5 7. e4 Nc6 8. Re1
e5 9. h3 Re8 10. exd5 Nxd5 11. a4 h6 12. Nc4 Rb8 13. c3 b6 14. Kh2 a6 15. Qc2
b5 16. axb5 axb5 17. Ne3 Nc7 18. Nd2 Bb7 19. Ne4 Ne6 20. Qb3 Na5 21. Rxa5 Qxa5
22. Nd6 Bxg2 23. Nxe8 Nd4 24. cxd4 Qxe1 25. Nxg2 Qxc1 26. Nd6 Rf8 27. Qxb5 cxd4
28. Nh4 Qc7 29. Ne4 Kh7 30. b4 Rb8 31. Qa4 Qb6 32. Qd7 Rb7 33. Qc8 Qc7 34. Qxc7
Rxc7 35. Nf3 Rc2 36. Kg2 f5 37. Nd6 Rc6 38. Nc4 e4 39. Nfd2 e3 40. fxe3 dxe3
41. Nxe3 Rd6 42. Kf3 Rxd3 43. Ke2 Rd8 44. h4 Be5 45. g4 fxg4 46. Nxg4 Bc3 47.
Ne4 Bxb4 48. Ke3 h5 49. Ng5+ Kg8 50. Nh6+ Kg7 51. Ne6+ Kxh6 52. Nxd8 Be7 53.
Nf7+ Kg7 54. Ne5 Bxh4 55. Nxg6 1/2-1/2

[Event "Kuna_Arandu"]
[Site "Luque"]
[Date "2012.06.11"]
[Round "6"]
[White "Bachmann, Axel"]
[Black "Sanchez, Sarai"]
[Result "1-0"]
[WhiteElo "2566"]
[BlackElo "2234"]
[PlyCount "85"]
[EventDate "2012.??.??"]

1. e4 e6 2. Qe2 c5 3. g3 Nc6 4. Bg2 Nge7 5. Nf3 d6 6. c3 Qb6 7. O-O g6 8. d4
cxd4 9. cxd4 Bg7 10. d5 Nb8 11. Na3 O-O 12. Bg5 Re8 13. Qb5 Bd7 14. Qxb6 axb6
15. dxe6 fxe6 16. Nc4 Nc8 17. Rfd1 b5 18. Nxd6 Nxd6 19. Rxd6 Bxb2 20. Rad1 Bc6
21. e5 Rxa2 22. Bf6 Ra1 23. Rxa1 Bxa1 24. Ng5 b4 25. Bxc6 bxc6 26. Rd1 Bb2 27.
Ne4 Ba3 28. Nc5 h6 29. h4 Kf7 30. Rd3 Rc8 31. Kf1 b3 32. Nxb3 Bb4 33. Nd4 c5
34. Nc2 c4 35. Rd4 Bc3 36. Rf4 Nd7 37. Ne3 Kg8 38. Nxc4 Nxf6 39. exf6 Rf8 40.
Nb6 Rxf6 41. Re4 e5 42. Nd5 Rc6 43. Ne7+ 1-0

[Event "Kuna_Arandu"]
[Site "Luque"]
[Date "2012.06.11"]
[Round "7"]
[White "Latorre, Matias"]
[Black "Vera, Reynaldo"]
[Result "1/2-1/2"]
[WhiteElo "2235"]
[BlackElo "2489"]
[PlyCount "100"]
[EventDate "2012.??.??"]

1. g3 d5 2. c4 e6 3. Bg2 Nf6 4. Nf3 Be7 5. O-O O-O 6. d4 dxc4 7. Qc2 b5 8. a4
b4 9. Ne5 Qxd4 10. Bxa8 Qxe5 11. Bf3 Ba6 12. Bf4 Qa5 13. Nd2 b3 14. Qc1 Qb4 15.
Bxc7 Nbd7 16. Rd1 Rc8 17. Bf4 c3 18. bxc3 Rxc3 19. Qb2 Rc2 20. Qxb3 Rxd2 21.
Qxb4 Rxd1+ 22. Rxd1 Bxb4 23. Be3 Kf8 24. Bxa7 Bc5 25. Bxc5+ Nxc5 26. a5 Ke7 27.
e3 Nfd7 28. Bg2 Nb3 29. Be4 Nxa5 30. Ra1 Nb3 31. Rxa6 Nbc5 32. Bb7 Nxb7 33. f3
Nbc5 34. Rc6 Nd3 35. Rc3 N3c5 36. Kf2 f5 37. Ra3 g5 38. h3 h5 39. Ra8 g4 40. e4
gxh3 41. exf5 exf5 42. Ra1 Nf6 43. Rh1 Ne6 44. Rxh3 f4 45. gxf4 Nxf4 46. Rh4
N4d5 47. f4 Ke6 48. f5+ Ke5 49. Rxh5 Nxh5 50. f6 Nhxf6 1/2-1/2

[Event "Kuna_Arandu"]
[Site "Luque"]
[Date "2012.06.11"]
[Round "7"]
[White "Zambrana, Oswaldo"]
[Black "Lujan, Carolina"]
[Result "1/2-1/2"]
[WhiteElo "2467"]
[BlackElo "2367"]
[PlyCount "86"]
[EventDate "2012.??.??"]

1. e4 c5 2. Nf3 Nc6 3. d4 cxd4 4. Nxd4 e5 5. Nb5 d6 6. c4 Be7 7. N1c3 a6 8. Na3
f5 9. exf5 Bxf5 10. Bd3 Be6 11. O-O Nf6 12. Nc2 O-O 13. Ne3 Nd4 14. b3 b5 15.
Ne2 Nxe2+ 16. Qxe2 b4 17. Bb2 Qb6 18. Nf5 Rae8 19. h3 Bd8 20. Bc2 g6 21. Ne3
Qc5 22. Qd2 Nh5 23. Rad1 Bg5 24. Rfe1 Rd8 25. Be4 Nf4 26. Qc2 Bxh3 27. Rd5 Qc8
28. c5 Nxd5 29. Bxd5+ Be6 30. Qc4 Rfe8 31. c6 Bxe3 32. c7 Bxf2+ 33. Kf1 Bxd5
34. Qxd5+ Kg7 35. cxd8=Q Qxd8 36. Kxf2 Qh4+ 37. Ke2 Rf8 38. Kd1 Rf2 39. Qb7+
Kg8 40. Qc8+ Kf7 41. Qd7+ Kg8 42. Qe6+ Kg7 43. Qd7+ Kg8 1/2-1/2

[Event "Kuna_Arandu"]
[Site "Luque"]
[Date "2012.06.12"]
[Round "8"]
[White "Zambrana, Oswaldo"]
[Black "Soppe, Guillermo"]
[Result "1/2-1/2"]
[WhiteElo "2467"]
[BlackElo "2423"]
[PlyCount "91"]
[EventDate "2012.??.??"]

1. e4 c6 2. d4 d5 3. Nd2 dxe4 4. Nxe4 Bf5 5. Ng3 Bg6 6. Nf3 Nd7 7. h4 h6 8. h5
Bh7 9. Bd3 Bxd3 10. Qxd3 Ngf6 11. Bf4 Qa5+ 12. Bd2 Qc7 13. O-O-O e6 14. Kb1
O-O-O 15. Ne4 Nxe4 16. Qxe4 Nf6 17. Qe2 c5 18. g3 Bd6 19. c4 a6 20. Bc3 Rhe8
21. Ne5 cxd4 22. Bxd4 Bxe5 23. Bxe5 Qc5 24. b3 Rxd1+ 25. Rxd1 Rd8 26. Re1 Rd7
27. g4 Qb4 28. Kc2 Qa5 29. f3 Qxa2+ 30. Bb2 Qa5 31. Qe3 Rc7 32. Ra1 Qc5 33. Bd4
Qc6 34. Kb2 Ne8 35. Ra5 Qd7 36. Be5 Rc6 37. Bc3 f6 38. Bb4 Nc7 39. Rc5 b5 40.
cxb5 axb5 41. Rxc6 Qxc6 42. Bf8 Qd7 43. Qc5 Qd2+ 44. Qc2 Qd4+ 45. Kb1 Qd7 46.
Qc5 1/2-1/2

[Event "Kuna_Arandu"]
[Site "Luque"]
[Date "2012.06.13"]
[Round "9"]
[White "Soppe, Guillermo"]
[Black "Lujan, Carolina"]
[Result "1/2-1/2"]
[WhiteElo "2423"]
[BlackElo "2367"]
[PlyCount "29"]
[EventDate "2012.??.??"]

1. d4 Nf6 2. Nc3 d5 3. Bg5 c6 4. Bxf6 exf6 5. e3 f5 6. Bd3 Be6 7. Qf3 g6 8. h3
h5 9. Nge2 Bd6 10. Nf4 Qe7 11. O-O-O Nd7 12. Nxe6 Qxe6 13. Ne2 O-O-O 14. Nf4
Qe7 15. Kb1 1/2-1/2

[Event "Kuna_Arandu"]
[Site "Luque"]
[Date "2012.06.13"]
[Round "9"]
[White "Vera, Reynaldo"]
[Black "Bachmann, Axel"]
[Result "1/2-1/2"]
[WhiteElo "2489"]
[BlackElo "2566"]
[PlyCount "29"]
[EventDate "2012.??.??"]

1. d4 Nf6 2. c4 e6 3. Nc3 Bb4 4. Qc2 c5 5. dxc5 Qc7 6. Nf3 a6 7. e3 Bxc5 8. b3
b6 9. Bb2 Bb7 10. Be2 O-O 11. O-O Be7 12. Rac1 d6 13. Rfd1 Nbd7 14. Nd4 Rac8
15. Bf3 1/2-1/2